Fisiologi tumbuhan untuk STPM

Bibliographic Details
Main Author: ISMAIL Sahid
Format: Book
Published: Kuala Lumpur : DBP , 1991
Subjects:

MARC

LEADER 00000cam a2200000 7i4500
001 0000000111
005 20000704.0
020 0 0 |a 9836216367 
090 0 0 |a 581.1   |b ISM 1991 
100 0 0 |a ISMAIL Sahid 
245 1 0 |a Fisiologi tumbuhan untuk STPM   |c Ismail Sahid 
260 0 0 |a Kuala Lumpur :   |b DBP ,   |c 1991 
300 |a xi, 212 p. :   |b ill. ;   |c 24 cm. 
500 0 0 |a Bibliography: [p. 207] and index 
650 0 0 |a Plant physiology 
999 |a 0000001331   |b Monograph   |c Open Shelf   |e Default branch